000 01034nam a2200277Ia 4500
005 20211111074326.0
008 130821s1996 sp gr spa
020 _a8449302951
040 _aCo-BoUCM
_bspa
041 0 0 _aspa
100 1 _aVan Parijs, Philippe.
_9163023
245 1 0 _aLibertad real para todos qué puede justificar al capitalismo (si hay algo que pueda hacerlo)
_cPhilippe Van Parijs ; traducción de J. Francisco Alvarez
260 _aBarcelona (España)
_bPaidós
_c1996
300 _a367 páginas
490 _aPaidós Estado y Sociedad
_v45
504 _aIncluye bibliografía e índice.
650 0 4 _aCapital
_910454
650 0 4 _aCapitalismo
_910463
650 0 4 _aDemocracia
_xAspectos económicos
_930214
650 0 4 _aEconomía
_9174
650 0 4 _aSistemas económicos
_924652
700 1 _aAlvarez, J. Francisco
_etr.
_9163024
765 _aReal freedom for all. What (if anything) can justify capitalism?.
942 _cLIBRO
_a7
_e1
_mV217
_2DEWEY
_h330.122
999 _c50796
_d50796